000 01286nam a2200337 i 4500
001 8283
003 KOSZ 005
005 20220316123027.0
008 170701s1955 pl a f 001 0 pol
040 _aWA N
_cWA N
_dKOSZ 005/RW
_dKOSZ 005/HR
046 _k1955
080 _a634
080 _a582.091
245 0 0 _aDrzewoznawstwo :
_b[praca zbiorowa /
_cpod red. Stefana Białoboka i Zygmunta Hellwiga ; zespół aut. S. Alwin et al. ; oprac. graf. Z. Bocheńska].
260 _aWarszawa :
_bPaństwowe Wydawnictwo Rolnicze i Leśne,
_c1955.
300 _a797, [3] s., 64 k. tabl. :
_bil., mapa, err. ;
_c25 cm.
380 _aKsiążki
388 _a1901-2000
388 _a1945-1989
504 _aBibliogr. s. [737]-739. Indeks.
650 4 _aDrzewa
658 _aBiologia
658 _aRolnictwo i leśnictwo
700 1 _aBiałobok, Stefan
_d(1909-1992)
_eRedakcja
700 1 _aHellwig, Zygmunt
_d(1899-1958)
_eRedakcja
700 1 _aAlwin, Stefan
_d(ca 1916-1997)
_eAutor
700 1 _aBocheńska, Zofia
_d(1918- )
_eIlustracje
710 2 _aPaństwowe Wydawnictwo Rolnicze i Leśne
_4pbl.
856 _uhttp://koha.tu.koszalin.pl/cgi-bin/koha/opac-detail.pl?biblionumber=8283
_yKatalog online BPK
942 _2UKD
_cKS
999 _c8283
_d8283